Laver Cup Players and (Vice) Captains - Statistics

General Stats
  • This quiz has been taken 25 times
    3 since last reset
  • The average score is 30 of 65
Answer Stats
Team / Role Answer % Correct
Europe Captain Bjorn Borg
100%
World Player Félix Auger-Aliassime
100%
World Player Frances Tiafoe
100%
World Captain John McEnroe
100%
World Player Nick Kyrgios
100%
Europe Player Novak Djokovic
100%
World Vice-Captain Patrick McEnroe
100%
Europe Player Rafael Nadal
100%
Europe Player Roger Federer
100%
World Player Taylor Fritz
100%
Europe Player Tomas Berdych
100%
Europe Player Alexander Zverev
67%
World Player Alex De Minaur
67%
Europe Player Andrey Rublev
67%
Europe Player Andy Murray
67%
World Player Ben Shelton
67%
Europe Player Cameron Norrie
67%
Europe Player Carlos Alcaraz
67%
Europe Player Daniil Medvedev
67%
World Player Denis Shapovalov
67%
World Player Francisco Cerúndolo
67%
Europe Player Grigor Dimitrov
67%
World Player Jack Sock
67%
World Player John Isner
67%
Europe Player Marin Cilic
67%
Europe Player Matteo Berrettini
67%
World Player Milos Raonic
67%
World Player Reilly Opelka
67%
Europe Player Roberto Bautista Agut
67%
Europe Player Stefanos Tsitsipas
67%
World Player Tommy Paul
67%
Europe Player Alejandro Davidovich Fokina
33%
World Player Alejandro Tabilo
33%
World Captain Andre Agassi
33%
Europe Player Arthur Fils
33%
Europe Player Casper Ruud
33%
World Player Diego Schwartzman
33%
Europe Player Dominic Thiem
33%
Europe Player Fabio Fognini
33%
Europe Player Flavio Cobolli
33%
Europe Player Gaël Monfils
33%
Europe Player Hubert Hurkacz
33%
Europe Player Jakub Menšík
33%
World Player João Fonseca
33%
World Player Kevin Anderson
33%
World Player Nicolás Jarry
33%
World Player Thanasi Kokkinakis
33%
Europe Captain Yannick Noah
33%
World Player Alex Michelsen
0%
World Player Christopher Eubanks
0%
Europe Player David Goffin
0%
Europe Player Feliciano López
0%
Europe Player Fernando Verdasco
0%
Europe Player Holger Rune
0%
Europe Player Jan-Lennard Struff
0%
World Player Jenson Brooksby
0%
Europe Player Jérémy Chardy
0%
World Player Jordan Thompson
0%
Europe Player Kyle Edmund
0%
World Player Lloyd Harris
0%
World Vice-Captain Pat Rafter
0%
World Player Sam Querrey
0%
Europe Vice-Captain Thomas Enqvist
0%
Europe Vice-Captain Tim Henman
0%
Europe Player Tomáš Macháč
0%
No matching quizzes found
Score Distribution
Percent of People with Each Score
Percentile by Number Answered
Your Score History
You have not taken this quiz since the last reset